000 00890nam a22002417a 4500
005 20240530110605.0
008 161031s2014 ua a g b 000 0dara d
017 _a2014/14356
_bمصر. دار الكتب
020 _a9772329786
040 _aEG-CaGPL
_cEG-CaGPL
082 0 4 _221
_a153.35\
_bإ ف
100 0 _aابراهيم محمد المغازى .
245 1 3 _aفى سيكولوجية الابداع :
_bابداع العبقرية و عبقرية الابداع /
_cاعداد ابراهيم محمد المغازى .
250 _aط.1
260 _aالقاهرة :
_bعالم الكتب ،
_c2014 .
300 _a307 ص ؛
_c24 سم .
504 _aببليوجرافية : ص 301 - 304
650 0 7 _2qrmak
_aالابداع .
650 0 7 _2qrmak
_aالتفكير
650 0 7 _2qrmak
_aالعبقرية
942 _2ddc
_cBK
999 _c62738
_d62738